20 Premier League Multiple Choice Questions - Statistics

General Stats
  • This quiz has been taken 18 times
  • The average score is 9 of 20
Answer Stats
Question Answer % Correct
Easing you in gently... Who won the first Premier League title in 1992/93? Manchester United
73%
What year did Wayne Rooney win the golden boot Never
67%
Which one of these is Simon Hooper
60%
How many clean sheets did they keep in the previous question 16
60%
What is Jurgen Klopp's middle name? Norbert
60%
Which two FA Cup finals has Premier League referee Anthony Taylor officiated 2017 & 2020
53%
Which one of these players is ex-Blackburn Rovers player Andy Todd
47%
Goggle enthusiast Edgar Davids played two season for Tottenham in 2005/2006 and 2006/2007- who won the league in those season? IN ORDER Chelsea and Manchester United
47%
Which Premier League winner won the Player of the month award in August 1998 Michael Owen
47%
What was the name of the 2004/05 and 2005/06 Premier League ball Nike Total 90 Aerow
40%
Who transferred from Nottingham Forest to Newcastle United in 2024 for £20m Odysseas Vlachodimos
40%
How many times did Edwin van der Sar win the title 4
33%
How many games did Pascal Chimbonda play for Tottenham Hotspur in the Premier League 68
33%
Who is Portsmouth's all time top appearance maker in the league? Matthew Taylor
33%
Manchester United won the Premier League title in 2007/2008. Which player made the most league appearances that season? Rio Ferdinand
33%
Which three 3 teams were relegated in 2006/2007 Sheffield United, Charlton Athletic, Watford
33%
Who won the Golden Glove in 2013/2014 Wojciech Szczesny and Petr Cech
33%
Which year was the inaugural year of the Golden Glove 2004/2005
27%
What was the score when Liverpool played Everton on 4 December 2019? 5-2
27%
Liverpool won the Premier League title in 2019/2020 Who were their top 6 league goalscorers that season IN ORDER Salah, Mane, Firmino, Oxlade Chamberlain, Wijnaldum, Origi
20%
No matching quizzes found
Score Distribution
Percent of People with Each Score
Percentile by Number Answered
Your Score History
You have not taken this quiz